000 00289nam a2200109Ia 4500
008 200302s9999 xx 000 0 und d
100 _aSavita Kumari and B. R. Mani
245 _aTombs of Delhi Sultanate Period
260 _bBharatiya Kala Prakahan Delhi
260 _c2006
300 _a75 P.,
999 _c3894
_d3894